000 00812 a2200253 4500
001 60514
005 20260407155856.0
008 260407a2013 arg spa d
003 AR-UNSa-BCEJYS
040 _aAR-UNSa-BCEJYS
_bspa
_cAR-UNSa-BCEJYS
080 _a(038)33
_xDiccionario de Economía
245 1 0 _aDiccionario de la otra economía
020 _a978-987-630-153-4
250 _a2a. ed.
264 1 _aLos Polvorines :
_bUniversidad Nacional de General Sarmiento
_c2013
300 _a381 p.
_c22 cm.
041 _aspa
942 _cBK
590 _aniveau_biblio:m niveau_hierar:0
100 1 _aCattani, Antonio David
700 1 _aCoraggio, José Luis
700 1 _aLaville, Jean-Louis
856 4 1 _uhttps://www.biblioeco.unsa.edu.ar/pmb/images/libros/L129215.jpg
_yImagen de portada
_qimage/jpeg
999 _c7024
_d7024